Access enabled (Record no. 69182)

MARC details
000 -LEADER
fixed length control field 01167cam a2200241 4500
001 - CONTROL NUMBER
control field ABS64864
008 - FIXED-LENGTH DATA ELEMENTS--GENERAL INFORMATION
fixed length control field 020107n2001 000 0 eng u
035 ## - SYSTEM CONTROL NUMBER
System control number (Sirsi) u116145
100 ## - MAIN ENTRY--PERSONAL NAME
Personal name Fletcher, A.
245 ## - TITLE STATEMENT
Title Access enabled
260 ## - PUBLICATION, DISTRIBUTION, ETC.
Date of publication, distribution, etc. 2001
490 ## - SERIES STATEMENT
Series statement Scottish Builder and Engineer
Volume/sequential designation (63) December 2001, 28-38(6)
520 ## - SUMMARY, ETC.
Summary, etc. Special feature on scaffolding. Gives overview of the National Access and Scaffolding Confederation (NASC). Describes Construction Industry Scaffolder Record Scheme (CISRS) card which comes into force in December 2001. Also outlines work of other bodies connected with high rise access, including the Prefabricated Access Suppliers' and Manufacturers Association (PASMA) and the International Powered Access Federation (IPAF). Article also covers safety within the scaffolding industry and the security aspects of scaffold.
590 ## - LOCAL NOTE (RLIN)
Local note ABS
650 ## - SUBJECT ADDED ENTRY--TOPICAL TERM
Topical term or geographic name entry element CONSTRUCTION SAFETY
650 ## - SUBJECT ADDED ENTRY--TOPICAL TERM
Topical term or geographic name entry element HEALTH AND SAFETY
9 (RLIN) 6244
650 ## - SUBJECT ADDED ENTRY--TOPICAL TERM
Topical term or geographic name entry element SCAFFOLDING
650 ## - SUBJECT ADDED ENTRY--TOPICAL TERM
Topical term or geographic name entry element SCAFFOLDING TOWERS
650 ## - SUBJECT ADDED ENTRY--TOPICAL TERM
Topical term or geographic name entry element SECURITY SYSTEMS
650 ## - SUBJECT ADDED ENTRY--TOPICAL TERM
Topical term or geographic name entry element FACILITIES MANAGEMENT
9 (RLIN) 6240
690 ## - LOCAL SUBJECT ADDED ENTRY--TOPICAL TERM (OCLC, RLIN)
Topical term or geographic name as entry element BUILT ENVIRONMENT-BUILDING STANDARDS
942 ## - ADDED ENTRY ELEMENTS (KOHA)
Suppress in OPAC 0
Holdings
Withdrawn status Lost status Source of classification or shelving scheme Damaged status Not for loan Home library Current library Shelving location Date acquired Total Checkouts Full call number Barcode Date last seen Copy number Price effective from Koha item type
    Dewey Decimal Classification     London London Journal article 07/01/2002   ABS64864 116145-2001 06/08/2019 1 06/08/2019 Journal article